00650nam a2200193Ia 4500952012900000999001700129003000400146005001700150008004100167020001800208040000900226082001800235100003100253245006200284260004700346300000900393650001200402942004200414 00102ddc40708DRAaMESbMEScENGd2019-02-20g225.00l0o882.01 COL/Ap33472r2019-02-20 00:00:00w2019-02-20yBKzGR14R2 c14382d14382OSt20201028100957.0190216s9999||||xx |||||||||||||| ||und|| a9780192832825 coclc a882.01bCOL/A aCollard, Christopher96125 0aAeschylus Persians And Other Plays /cChristopher Collard bOxford University Press,aNew York:c2008. a286p aEnglish cBK2ddch882.01iCOL/Ak882.01mCOL/A